000 00441nam a2200193Ia 4500
001 110460
003 YMCAF
005 20230512162419.0
008 100717s2004 ||||||||||||||||| ||und|d
024 _a110460
035 _aWB1447
040 _aYMCAF
_beng
_cIN-KoLT
041 _aeng
100 _aTrivedi, Kishore S
245 0 _aProbability and statistics with reliability
260 _bPHI
_c2004
300 _a624
942 _2ddc
_cBK
999 _c11852
_d11852